| 000 | 00443cam a2200181ua 4500 | ||
|---|---|---|---|
| 001 | 710 | ||
| 008 | 110413n ii |||gr||||Z||||||eng | ||
| 040 | _cMAIN | ||
| 082 | _a342.02 | ||
| 245 |
_aWorld constitution. _cBy L N Srivastava. |
||
| 250 | _a12th. | ||
| 260 |
_aDelhi.: _bSBDpublisher.,999. |
||
| 300 |
_a22, 68 p.: _c22 cm. |
||
| 653 | _aPolitical science. | ||
| 653 | _aWorld constitution. | ||
| 700 | _aSrivastava, L N., | ||
| 942 | _cBK | ||
| 999 |
_c637 _d637 |
||